| 000 | 00765nam a2200265 c 4500 | ||
|---|---|---|---|
| 001 | a5748729 | ||
| 003 | CO-ViMGA | ||
| 005 | 20230915234535.0 | ||
| 008 | 160202s2016 sp | |||| 000 f spa | ||
| 020 | _a9788490605547 | ||
| 040 |
_aCO-ViMGA _bspa _cCO-ViMGA |
||
| 041 | 1 | _heng | |
| 082 | 0 | 4 |
_a741.5 _bB69b |
| 100 | 1 |
_aBowden, Oliver _4aut _99058 |
|
| 240 | 1 | 0 |
_aBlack flag _lEspañol |
| 245 | 1 | 0 |
_aBlack flag / _cOliver Bowden ; traducción del inglés de Noem Risco |
| 250 | _a1® ed. | ||
| 260 |
_aMadrid _bLa Esfera de los Libros _c2016. |
||
| 300 |
_a456 p. _c19 cm. |
||
| 490 | 0 |
_aAssassin's creed _v6 |
|
| 650 | 1 | 4 |
_aComics _9284 |
| 650 | 1 | 4 |
_aTiras comicas, historietas, etc. _92479 |
| 700 | 1 |
_aRisco, Noem _etraductor _4trl _99059 |
|
| 942 |
_2ddc _cBK |
||
| 999 |
_c37869 _d37869 |
||